| 000 -LEADER |
| fixed length control field |
02622cam a2200385 i 4500 |
| 001 - CONTROL NUMBER |
| control field |
18842856 |
| 005 - DATE AND TIME OF LATEST TRANSACTION |
| control field |
20230221140929.0 |
| 008 - FIXED-LENGTH DATA ELEMENTS--GENERAL INFORMATION |
| fixed length control field |
151012s2015 ii b 001 0 eng d |
| 010 ## - LIBRARY OF CONGRESS CONTROL NUMBER |
| LC control number |
2015361990 |
| 020 ## - INTERNATIONAL STANDARD BOOK NUMBER |
| International Standard Book Number |
9788182748484 (hardback) |
| 020 ## - INTERNATIONAL STANDARD BOOK NUMBER |
| International Standard Book Number |
8182748488 (hardback) |
| 025 ## - OVERSEAS ACQUISITION NUMBER |
| Overseas acquisition number |
I-E-2015361990; 63-91 |
| 035 ## - SYSTEM CONTROL NUMBER |
| System control number |
(OCoLC)ocn923794737 |
| 035 ## - SYSTEM CONTROL NUMBER |
| System control number |
(OCoLC)923794737 |
| 037 ## - SOURCE OF ACQUISITION |
| Source of stock number/acquisition |
Library of Congress -- New Delhi Overseas Office |
| 040 ## - CATALOGING SOURCE |
| Original cataloging agency |
DKAGE |
| Language of cataloging |
eng |
| Transcribing agency |
DKAGE |
| Description conventions |
rda |
| Modifying agency |
DLC |
| 042 ## - AUTHENTICATION CODE |
| Authentication code |
lccopycat |
| -- |
lcode |
| 043 ## - GEOGRAPHIC AREA CODE |
| Geographic area code |
a-ii--- |
| -- |
a------ |
| 050 00 - LIBRARY OF CONGRESS CALL NUMBER |
| Classification number |
DS33.4.I4 |
| Item number |
I63 2015 |
| 082 04 - DEWEY DECIMAL CLASSIFICATION NUMBER |
| Classification number |
327.5405, IND |
| Edition number |
23 |
| 245 00 - TITLE STATEMENT |
| Title |
India's security interest in her neighbourhood / |
| Statement of responsibility, etc. |
editor, Shekhar Adhikari. |
| 264 #1 - PRODUCTION, PUBLICATION, DISTRIBUTION, MANUFACTURE, AND COPYRIGHT NOTICE |
| Place of production, publication, distribution, manufacture |
New Delhi : |
| Name of producer, publisher, distributor, manufacturer |
Pentagon Press, |
| Date of production, publication, distribution, manufacture, or copyright notice |
2015. |
| 300 ## - PHYSICAL DESCRIPTION |
| Extent |
xiv, 314 pages ; |
| Dimensions |
24 cm |
| 336 ## - CONTENT TYPE |
| Content type term |
text |
| Content type code |
txt |
| Source |
rdacontent |
| 337 ## - MEDIA TYPE |
| Media type term |
unmediated |
| Media type code |
n |
| Source |
rdamedia |
| 338 ## - CARRIER TYPE |
| Carrier type term |
volume |
| Carrier type code |
nc |
| Source |
rdacarrier |
| 505 ## - FORMATTED CONTENTS NOTE |
| Formatted contents note |
One year of Modi’s Foreign Policy (Page-1),Indo-Pak Geopolitical Rivalry in Afghanistan: Policy Options for India (Page-32),Environmental Degradation as Non-Traditional security Threat to Bangladesh (Page-47),India-Bangladesh Land Boundary Agreement: Beginning of a New Era (Page-66),India’s Bhutan Policy: A Critical Approach (Page-77),India China Boundary Dispute: A Never ending Saga (Page-91),The Tibet-China Conflict: Implications for India (Page-106),Power struggle Between India and China (Page-124),Evolution of Defence Policy in India: A Historical Perspective (Page-137),Interference of Foreign elements in J&K and its Implication (Page-145),The Importance of Maldives in South Asia (Page-154),India-Maldives Relations in a Comprehensive (Page-165),Myanmar as a Factor in India’s North East: Economic and Security Paradigm (Page-181),India-Nepal Relations: Evaluating Security Implications (Page-195),Maoist Insurgency in India and Nepal: An Analysis (Page-209),Understanding extremism in Pakistan (Page-231),The Emerging Patterns in India-Pakistan Conflict (Page-248),Indo-Pacific region: India’s Strategies Vision (Page-265),Chorus or Cacophony: Varied Voices in Indo-Sri Lankan Relations (Page-278),India’s External Security Conundrum: Complexities of Securing Peace in South Asia (Page-293). |
| 650 #0 - SUBJECT ADDED ENTRY--TOPICAL TERM |
| Topical term or geographic name entry element |
National security |
| Geographic subdivision |
Asia. |
| 9 (RLIN) |
109358 |
| 651 #0 - SUBJECT ADDED ENTRY--GEOGRAPHIC NAME |
| Geographic name |
India |
| General subdivision |
Foreign relations |
| Geographic subdivision |
Asia. |
| 9 (RLIN) |
109359 |
| 651 #0 - SUBJECT ADDED ENTRY--GEOGRAPHIC NAME |
| Geographic name |
Asia |
| General subdivision |
Foreign relations |
| Geographic subdivision |
India. |
| 9 (RLIN) |
109360 |
| 700 1# - ADDED ENTRY--PERSONAL NAME |
| Personal name |
Adhikari, Shekhar, |
| Relator term |
editor. |
| 9 (RLIN) |
109361 |
| 906 ## - LOCAL DATA ELEMENT F, LDF (RLIN) |
| a |
7 |
| b |
cbc |
| c |
copycat |
| d |
3 |
| e |
ncip |
| f |
20 |
| g |
y-gencatlg |
| 942 ## - ADDED ENTRY ELEMENTS (KOHA) |
| Source of classification or shelving scheme |
|
| Koha item type |
Book |